Digital Image processing using MATLAB / (Record no. 949)

MARC details
000 -LEADER
fixed length control field 00852nac a22002051u 4500
010 ## - LIBRARY OF CONGRESS CONTROL NUMBER
LC control number 2004272415
020 ## - INTERNATIONAL STANDARD BOOK NUMBER
International Standard Book Number 812970515x
082 ## - DEWEY DECIMAL CLASSIFICATION NUMBER
Classification number 621.367
Item number G6431
090 ## - LOCALLY ASSIGNED LC-TYPE CALL NUMBER (OCLC); LOCAL CALL NUMBER (OCLC)
-- 949
-- 949
100 ## - MAIN ENTRY--PERSONAL NAME
Personal name Gonzalez, Rafael C.
245 10 - TITLE STATEMENT
Title Digital Image processing using MATLAB /
Statement of responsibility, etc Rafael C. Gonzalez, Richard E. Woods, Steven L. Eddins.
260 ## - PUBLICATION, DISTRIBUTION, ETC. (IMPRINT)
Place of publication, distribution, etc New Delhi :
Name of publisher, distributor, etc Pearson Education,2004
Date of publication, distribution, etc 2004.
300 ## - PHYSICAL DESCRIPTION
Extent xiv, 609 p. :
Other physical details ill., charts ;
Dimensions 25 cm.
504 ## - BIBLIOGRAPHY, ETC. NOTE
Bibliography, etc Includes bibliographical references and index.
650 #0 - SUBJECT ADDED ENTRY--TOPICAL TERM
Topical term or geographic name as entry element Image processing
General subdivision Digital techniques.
700 1# - ADDED ENTRY--PERSONAL NAME
Personal name Woods, Richard E.
Fuller form of name (Richard Eugene),
Dates associated with a name 1954-
700 1# - ADDED ENTRY--PERSONAL NAME
Personal name Eddins, Steven L.,
Dates associated with a name 1964-
942 ## - ADDED ENTRY ELEMENTS (KOHA)
Item type Book - Borrowing
Call number prefix 621.367G6431
Holdings
Withdrawn status Item status Source of classification or shelving scheme Damaged status Not for loan Vendor Home library Current library Shelving location Date acquired Source of acquisition Cost, normal purchase price Total Checkouts Total Renewals Full call number Barcode Date last seen Date last borrowed Cost, replacement price Koha item type
    Dewey Decimal Classification       Central Library Central Library First floor 06/08/2013   575.00 8 17 621.367 GON 000003571 15/07/2025 16/11/2015 718.75 Book - Borrowing